Among Us Tasks – The Skeld - Statistics

General Stats
  • This quiz has been taken 61 times
  • The average score is 13 of 20
Answer Stats
Rooms Answer % Correct
Admin /3 Fix Wiring
100%
Cafeteria (1/2) Download Data
91%
Cafeteria /2 Empty Garbage
89%
Medbay Submit Scan
87%
Admin Swipe Card
83%
Admin (2/2) Upload Data
74%
Weapons /20 Clear Asteroids
67%
Electrical (1/2) Divert Power
67%
Shields Prime Shields
67%
Lower Engine /2 Fuel Engines
65%
Reactor Start Reactor
61%
Lower Engine /2 Align Engine Output
59%
Navigation Chart Course
59%
Medbay Inspect Sample
59%
Electrical Calibrate Distributor
52%
Reactor Unlock Manifolds
52%
O2 /2 Empty Chute
50%
Communications (2/2) Accept Diverted Power
48%
O2 Clean O2 Filter
39%
Navigation Stabilise Steering
39%
No matching quizzes found
Score Distribution
Percent of People with Each Score
Percentile by Number Answered
Your Score History
You have not taken this quiz